000 00582nam a22001937a 4500
003 OSt
005 20180116183013.0
008 150915b xxu||||| |||| 00| 0 eng d
020 _a0
040 _c0
082 _a150 QAI 2000
100 _aDr, Nazir Qaiser
245 _aA Critique of Western Psychology and Psychotherapy and Iqba's Approch
_cDr, Nazir Qaiser
260 _aPakistan
_bIqbal Academy Pakistan
_c2000
300 _a239 P.
_bHB
440 _aA Critique of Western Psychology and Psychotherapy and Iqba's Approch
600 _aDr, Nazir Qaiser
942 _2ddc
_cBK
999 _c350353
_d350353